Worst City By U.S. State - Statistics

General Stats
  • This quiz has been taken 38 times
  • The average score is 6 of 51
Answer Stats
State Hated City % Correct
Alabma Birmingham
58%
Mississippi Jackson
48%
Florida Orlando
39%
New York Albany
30%
California Bakersfield
27%
Arizona Mesa
27%
Delaware Wilmington
27%
Michigan Flint
24%
Georgia Macon
24%
Connecticut Bridgeport
21%
Texas Dallas
21%
Alaska Wasilla
21%
Tennessee Memphis
15%
California Modesto
15%
Oregon Salem
15%
Washington Spokane
15%
Massachusetts Worcester
15%
Indiana Gary
12%
New Hampshire Manchester
12%
Arkansas Pine Bluff
12%
Utah Provo
12%
Colorado Pueblo
12%
Kansas Topeka
12%
Ohio Dayton
9%
Missouri Jefferson City
9%
Kentucky Lexington
9%
Idaho Caldwell
6%
New Jersey Camden
6%
Iowa Cedar Rapids
6%
North Dakota Grand Forks
6%
Pennsylvania Scranton
6%
Nevada Sparks
6%
______ Virginia Beach
6%
South Dakota Brookings
3%
Illinois Cairo
3%
Minnesota Edina
3%
Wyoming Rock Springs
3%
Vermont Rutland
3%
Oklahoma Ardmore
0%
Montana Browning
0%
Nebraska Fremont
0%
North Carolina Gastonia
0%
South Carolina Greer
0%
New Mexico Hobbs
0%
Hawaii Kalihi
0%
Wisconsin Manitowoc
0%
Maryland Poolesville
0%
Maine Rumford
0%
Louisiana Turkey Creek
0%
West Virginia Welch
0%
Rhode Island Woonsocket
0%
No matching quizzes found
Score Distribution
Percent of People with Each Score
Percentile by Number Answered
Your Score History
You have not taken this quiz